{"text_format":"3","workbook":"xls","n_sheets":4,"sheets":["房产工程建安造价综合指标","附件一（1 ）","户内装修综合指标细目组成 ","园林绿化工程综合指标细目组成"],"read":"whole","date_system":"1900","formulas":"cached_only"}

{"sheet":"房产工程建安造价综合指标","index":0,"n_rows":40,"n_cols":15,"rows_kept":40,"merged":[[0,0,0,14],[1,0,1,14],[2,0,2,14],[3,0,4,0],[3,1,4,3],[3,4,3,13],[3,14,4,14],[5,0,31,0],[5,1,8,1],[5,2,5,3],[5,14,8,14],[6,2,8,2],[9,1,12,1],[9,2,9,3],[9,14,11,14],[10,2,10,3],[11,2,11,3],[12,2,12,3],[13,1,27,1],[13,2,14,2],[13,14,22,14],[15,2,15,3],[16,2,16,3],[17,2,22,2],[23,2,27,2],[23,14,27,14],[28,1,30,1],[28,2,28,3],[29,2,30,2],[29,14,30,14],[31,1,31,3],[32,0,39,0],[32,1,36,1],[32,2,33,2],[32,14,35,14],[34,2,34,3],[35,2,35,3],[36,2,36,3],[37,1,39,1],[37,2,38,2],[37,14,38,14],[39,2,39,3]],"flags":["formulas_cached_only"]}
["附件"]
["佛山市2008—2017年土地增值税扣除项目金额标准"]
["房产工程建安造价综合指标"]
["分类","模块名称",null,null,"造价指标（元/㎡）",{"$nulls":9},"备 注"]
[{"$nulls":4},"2008年","2009年","2010年","2011年","2012年","2013年","2014年","2015年","2016年","2017年"]
["楼宇建筑工程","基础工程","天然基础",null,{"v":94.65192,"d":"95"},{"v":95.39805000000001,"d":"95"},{"v":100.40778,"d":"100"},{"v":104.13843,"d":"104"},{"v":102.32639999999999,"d":"102"},{"v":105.84387000000001,"d":"106"},{"v":104.5,"d":"105"},{"v":99.693,"d":"100"},{"v":106.59,"d":"107"},{"v":116.7265,"d":"117"},"1.按总建筑面积计；\n2.若有两种或以上类型桩，可按相应占比综合折算指标，相应占比按其对应的基座平面面积比例计。\n"]
[null,null,"桩基础","预制管桩",{"v":108.419472,"d":"108"},{"v":109.27413,"d":"109"},{"v":115.01254799999998,"d":"115"},{"v":119.285838,"d":"119"},{"v":117.21023999999998,"d":"117"},{"v":121.239342,"d":"121"},{"v":119.69999999999999,"d":"120"},{"v":114.19379999999998,"d":"114"},{"v":122.094,"d":"122"},{"v":133.70489999999998,"d":"134"}]
[{"$nulls":3},"旋挖桩",{"v":131.652216,"d":"132"},{"v":132.69001500000002,"d":"133"},{"v":139.658094,"d":"140"},{"v":144.847089,"d":"145"},{"v":142.32672,"d":"142"},{"v":147.219201,"d":"147"},{"v":145.35,"d":"145"},{"v":138.66389999999998,"d":"139"},{"v":148.257,"d":"148"},{"v":162.35594999999998,"d":"162"}]
[{"$nulls":3},"钻（冲）孔桩",{"v":177.25723200000002,"d":"177"},{"v":178.65453,"d":"179"},{"v":188.036388,"d":"188"},{"v":195.022878,"d":"195"},{"v":191.62944,"d":"192"},{"v":198.216702,"d":"198"},{"v":195.7,"d":"196"},{"v":186.69779999999997,"d":"187"},{"v":199.614,"d":"200"},{"v":218.59689999999998,"d":"219"}]
[null,"地下室工程","共1层",null,{"v":2388.670272,"d":"2389"},{"v":2407.49988,"d":"2407"},{"v":2533.927248,"d":"2534"},{"v":2628.075288,"d":"2628"},{"v":2582.34624,"d":"2582"},{"v":2671.114392,"d":"2671"},{"v":2637.2,"d":"2637"},{"v":2515.8887999999997,"d":"2516"},{"v":2689.944,"d":"2690"},{"v":2945.7524,"d":"2946"},"1.按地下室总建筑面积（含人防面积）计算；\n2.含土方开挖、基坑支护，土建、给排水、照明、消防、弱电、 防雷、通风，简单装修等。"]
[null,null,"共2层",null,{"v":2343.065256,"d":"2343"},{"v":2361.535365,"d":"2362"},{"v":2485.548954,"d":"2486"},{"v":2577.899499,"d":"2578"},{"v":2533.0435199999997,"d":"2533"},{"v":2620.116891,"d":"2620"},{"v":2586.85,"d":"2587"},{"v":2467.8549,"d":"2468"},{"v":2638.587,"d":"2639"},{"v":2889.51145,"d":"2890"}]
[null,null,"共3层",null,{"v":2534.950512,"d":"2535"},{"v":2554.93323,"d":"2555"},{"v":2689.102908,"d":"2689"},{"v":2789.016498,"d":"2789"},{"v":2740.48704,"d":"2740"},{"v":2834.691282,"d":"2835"},{"v":2798.7,"d":"2799"},{"v":2669.9597999999996,"d":"2670"},{"v":2854.674,"d":"2855"},{"v":3126.1479,"d":"3126"}]
[null,null,"人防工程+",null,{"v":1086.776136,"d":"1087"},{"v":1095.343065,"d":"1095"},{"v":1152.863874,"d":"1153"},{"v":1195.698519,"d":"1196"},{"v":1174.89312,"d":"1175"},{"v":1215.280071,"d":"1215"},{"v":1199.85,"d":"1200"},{"v":1144.6569,"d":"1145"},{"v":1223.847,"d":"1224"},{"v":1340.23245,"d":"1340"},"1.按地下室人防建筑面积计；\n2.“+”表示除地下室通用指标外，因人防部分而增加的单方造价。"]
[null,"地上建筑工程","别墅","独栋",{"v":1747.6186319999997,"d":"1748"},{"v":1761.3949049999999,"d":"1761"},{"v":1853.8927379999998,"d":"1854"},{"v":1922.7741029999997,"d":"1923"},{"v":1889.3174399999998,"d":"1889"},{"v":1954.2627269999998,"d":"1954"},{"v":1929.4499999999998,"d":"1929"},{"v":1840.6952999999999,"d":"1841"},{"v":1968.0389999999998,"d":"1968"},{"v":2155.1956499999997,"d":"2155"},"1.按各模块相应建筑面积计，塔楼下面有裙楼的，应扣除裙楼建筑面积；\n2.单体建筑的公共设施配套用房包括幼儿园、居委（派出所）用房、物业用房、垃圾站、厕所等，按满足基本使用标准计；\n3.其他模块均按毛坯交楼标准（含土建、安装），即含外立面、屋面保温隔热装饰和公共区（大堂、电梯前室、楼梯间）装修，户内按毛坯标准：墙面、地面、天面砂浆抹平，门（入户、防火、其他），铝合金门窗、护栏，配电箱、弱电箱（网络、电讯、有线电视），智能化、消防设施，给水入口和排水出口等；\n4.住宅塔楼第1、2层等楼层为商铺、办公等用途的，参考“商业裙楼”造价指标；\n5.不含电梯；\n6.商业裙楼层高首层按6m，标准层4.5m计；\n7.住宅塔楼层高按3m计。"]
[{"$nulls":3},"联排",{"v":1970.4808800000003,"d":"1970"},{"v":1986.0139500000002,"d":"1986"},{"v":2090.30742,"d":"2090"},{"v":2167.9727700000003,"d":"2168"},{"v":2130.2496,"d":"2130"},{"v":2203.4769300000003,"d":"2203"},{"v":2175.5,"d":"2176"},{"v":2075.427,"d":"2075"},{"v":2219.01,"d":"2219"},{"v":2430.0335,"d":"2430"}]
[null,null,"公共设施配套用房",null,{"v":1903.3640640000003,"d":"1903"},{"v":1918.3680600000002,"d":"1918"},{"v":2019.1091760000002,"d":"2019"},{"v":2094.1291560000004,"d":"2094"},{"v":2057.69088,"d":"2058"},{"v":2128.4240040000004,"d":"2128"},{"v":2101.4,"d":"2101"},{"v":2004.7356,"d":"2005"},{"v":2143.4280000000003,"d":"2143"},{"v":2347.2638,"d":"2347"}]
[null,null,"商业裙楼",null,{"v":1700.292672,"d":"1700"},{"v":1713.69588,"d":"1714"},{"v":1803.6888479999998,"d":"1804"},{"v":1870.704888,"d":"1871"},{"v":1838.1542399999998,"d":"1838"},{"v":1901.340792,"d":"1901"},{"v":1877.1999999999998,"d":"1877"},{"v":1790.8487999999998,"d":"1791"},{"v":1914.744,"d":"1915"},{"v":2096.8324,"d":"2097"}]
[null,null,"住宅（塔)楼","≤6层",{"v":1419.7788,"d":"1420"},{"v":1430.9707500000002,"d":"1431"},{"v":1506.1167,"d":"1506"},{"v":1562.07645,"d":"1562"},{"v":1534.8960000000002,"d":"1535"},{"v":1587.6580500000002,"d":"1588"},{"v":1567.5,"d":"1568"},{"v":1495.395,"d":"1495"},{"v":1598.85,"d":"1599"},{"v":1750.8975,"d":"1751"}]
[{"$nulls":3},"7-11层",{"v":1459.68749136,"d":"1460"},{"v":1471.1940369000001,"d":"1471"},{"v":1548.4522712399998,"d":"1548"},{"v":1605.98499894,"d":"1606"},{"v":1578.0405312,"d":"1578"},{"v":1632.28567446,"d":"1632"},{"v":1611.561,"d":"1612"},{"v":1537.4291939999998,"d":"1537"},{"v":1643.79222,"d":"1644"},{"v":1800.113637,"d":"1800"}]
[{"$nulls":3},"12-17层",{"v":1504.37180232,"d":"1504"},{"v":1516.23058905,"d":"1516"},{"v":1595.8538713799999,"d":"1596"},{"v":1655.14780503,"d":"1655"},{"v":1626.3478943999999,"d":"1626"},{"v":1682.25360327,"d":"1682"},{"v":1660.8944999999999,"d":"1661"},{"v":1584.4933529999998,"d":"1584"},{"v":1694.11239,"d":"1694"},{"v":1855.2191564999998,"d":"1855"}]
[{"$nulls":3},"18-22层",{"v":1530.7796879999999,"d":"1531"},{"v":1542.8466449999999,"d":"1543"},{"v":1623.8676419999997,"d":"1624"},{"v":1684.202427,"d":"1684"},{"v":1654.8969599999998,"d":"1655"},{"v":1711.7840429999999,"d":"1712"},{"v":1690.05,"d":"1690"},{"v":1612.3076999999998,"d":"1612"},{"v":1723.8509999999999,"d":"1724"},{"v":1887.78585,"d":"1888"}]
[{"$nulls":3},"22层以上（100米以下）",{"v":1640.98894176,"d":"1641"},{"v":1653.9246653999999,"d":"1654"},{"v":1740.7788098399997,"d":"1741"},{"v":1805.4574280399997,"d":"1805"},{"v":1774.0420991999997,"d":"1774"},{"v":1835.0247963599998,"d":"1835"},{"v":1811.7259999999999,"d":"1812"},{"v":1728.3866039999998,"d":"1728"},{"v":1847.9605199999999,"d":"1848"},{"v":2023.6979419999998,"d":"2024"}]
[{"$nulls":3},"100米以上",{"v":1794.08412,"d":"1794"},{"v":1808.2266750000001,"d":"1808"},{"v":1903.18383,"d":"1903"},{"v":1973.896605,"d":"1974"},{"v":1939.5503999999999,"d":"1940"},{"v":2006.222445,"d":"2006"},{"v":1980.75,"d":"1981"},{"v":1889.6354999999999,"d":"1890"},{"v":2020.365,"d":"2020"},{"v":2212.49775,"d":"2212"}]
[null,null,"商业(塔)楼","≤6层",{"v":1799.246952,"d":"1799"},{"v":1813.430205,"d":"1813"},{"v":1908.6606179999997,"d":"1909"},{"v":1979.5768829999997,"d":"1980"},{"v":1945.1318399999998,"d":"1945"},{"v":2011.995747,"d":"2012"},{"v":1986.4499999999998,"d":"1986"},{"v":1895.0732999999998,"d":"1895"},{"v":2026.1789999999999,"d":"2026"},{"v":2218.86465,"d":"2219"},"1.按模块相应建筑面积计，下面有裙楼的，应扣除裙楼面积；\n2.按毛坯交楼标准（含土建、安装），即含外立面、屋面保温隔热装饰；公共部位（大堂、电梯前室、楼梯间）装修；户内毛坯：墙面、地面、天面砂浆抹平，门（入户、防火、其他），铝合金门窗、护栏，配电箱、弱电箱（网络、电讯、有线电视），智能化、消防设施，给水入口和排水出口等；\n3.不含电梯、中央空调设备；\n4.层高首层按5.5m，标准层4m计。"]
[{"$nulls":3},"7-12层",{"v":1537.6204404,"d":"1538"},{"v":1549.7413222500002,"d":"1550"},{"v":1631.1243861,"d":"1631"},{"v":1691.72879535,"d":"1692"},{"v":1662.292368,"d":"1662"},{"v":1719.4336681500001,"d":"1719"},{"v":1697.6025,"d":"1698"},{"v":1619.512785,"d":"1620"},{"v":1731.55455,"d":"1732"},{"v":1896.2219925,"d":"1896"}]
[{"$nulls":3},"13-18层",{"v":1599.7465188,"d":"1600"},{"v":1612.35713325,"d":"1612"},{"v":1697.0284017,"d":"1697"},{"v":1760.0814739500001,"d":"1760"},{"v":1729.455696,"d":"1729"},{"v":1788.9057355500001,"d":"1789"},{"v":1766.1925,"d":"1766"},{"v":1684.947645,"d":"1685"},{"v":1801.51635,"d":"1802"},{"v":1972.8370225,"d":"1973"}]
[{"$nulls":3},"18层以上（100米以下）",{"v":1644.3619919999999,"d":"1644"},{"v":1657.3243049999999,"d":"1657"},{"v":1744.3569779999998,"d":"1744"},{"v":1809.1685429999998,"d":"1809"},{"v":1777.6886399999996,"d":"1778"},{"v":1838.7966869999998,"d":"1839"},{"v":1815.4499999999998,"d":"1815"},{"v":1731.9392999999998,"d":"1732"},{"v":1851.7589999999998,"d":"1852"},{"v":2027.8576499999997,"d":"2028"}]
[{"$nulls":3},"100米以上",{"v":1797.526008,"d":"1798"},{"v":1811.6956950000001,"d":"1812"},{"v":1906.835022,"d":"1907"},{"v":1977.6834569999999,"d":"1978"},{"v":1943.27136,"d":"1943"},{"v":2010.071313,"d":"2010"},{"v":1984.55,"d":"1985"},{"v":1893.2606999999998,"d":"1893"},{"v":2024.241,"d":"2024"},{"v":2216.74235,"d":"2217"}]
[null,"特殊装饰工程","户内装修",null,{"v":724.6080000000001,"d":"725"},{"v":730.32,"d":"730"},{"v":768.6719999999999,"d":"769"},{"v":797.232,"d":"797"},{"v":783.36,"d":"783"},{"v":810.288,"d":"810"},800,{"v":763.2,"d":"763"},816,{"v":893.6,"d":"894"},"1.按装修面积计，中等装修标准；\n2.装修标准 客厅：地面600*600抛光砖、简单吊顶、刷乳胶漆、踢脚线；房间：复合木地板、顶角线、踢脚线、刷乳胶漆、木门；厨房：铝扣板吊顶、吊柜和厨柜（含抽油烟机、消毒柜、燃气灶、洗菜盆和水龙头等）、墙面砖、300×300防滑地砖；卫生间：铝扣板吊顶、墙面砖、300×300防滑地砖、洗手间吊地柜（含洗手台盆、水龙头）、淋浴间，坐便器等。\n3.安装配电箱和弱电箱及其全屋布线、开关插座、灯具，给水管安装等；\n4.造价指标细目详见《户内装修综合指标细目组成》。"]
[null,null,"高档外立面","干挂石材+",{"v":432.81741600000004,"d":"433"},{"v":436.22926500000005,"d":"436"},{"v":459.13739400000003,"d":"459"},{"v":476.196639,"d":"476"},{"v":467.91072,"d":"468"},{"v":483.995151,"d":"484"},{"v":477.85,"d":"478"},{"v":455.8689,"d":"456"},{"v":487.40700000000004,"d":"487"},{"v":533.75845,"d":"534"},"1.干挂石材和玻璃幕墙均按其外立面面积计；\n2.“+”表示采用挂石、玻璃外幕墙而额外增加的造价指标。"]
[{"$nulls":3},"玻璃幕墙+",{"v":740.0059200000001,"d":"740"},{"v":745.8393000000001,"d":"746"},{"v":785.00628,"d":"785"},{"v":814.17318,"d":"814"},{"v":800.0064,"d":"800"},{"v":827.50662,"d":"828"},817,{"v":779.418,"d":"779"},{"v":833.34,"d":"833"},{"v":912.5889999999999,"d":"913"}]
[null,"燃气工程（元/户）",null,null,{"v":3872.1240000000003,"d":"3872"},{"v":3902.6475,"d":"3903"},{"v":4107.590999999999,"d":"4108"},{"v":4260.2085,"d":"4260"},{"v":4186.08,"d":"4186"},{"v":4329.9765,"d":"4330"},4275,{"v":4078.35,"d":"4078"},{"v":4360.5,"d":"4361"},{"v":4775.175,"d":"4775"},"1.按户计；\n2.包括工程费、户内设施配套费、集抄费、容量气价费。"]
["室外工程","室外配套工程","高低压配电","高压电缆（元/m）",{"v":1480.0118400000001,"d":"1480"},{"v":1491.6786000000002,"d":"1492"},{"v":1570.01256,"d":"1570"},{"v":1628.34636,"d":"1628"},{"v":1600.0128,"d":"1600"},{"v":1655.01324,"d":"1655"},1634,{"v":1558.836,"d":"1559"},{"v":1666.68,"d":"1667"},{"v":1825.1779999999999,"d":"1825"},"1.除注明外按各模块占地面积计；\n2.室外泳池含设备，按设计储水体积计；\n3.高低压配电中的高压电缆按直埋方式考虑，电缆保护管为塑料保护管，并综合考虑路面或人行道的拆除及修复；高压电缆直径为3×300 mm²，按电缆累计总长度以m计算。"]
[{"$nulls":3},"配电房设施（元/KVA）",{"v":1112.5902959999999,"d":"1113"},{"v":1121.360715,"d":"1121"},{"v":1180.2478139999998,"d":"1180"},{"v":1224.0999089999998,"d":"1224"},{"v":1202.8003199999998,"d":"1203"},{"v":1244.146581,"d":"1244"},{"v":1228.35,"d":"1228"},{"v":1171.8458999999998,"d":"1172"},{"v":1252.917,"d":"1253"},{"v":1372.06695,"d":"1372"}]
[null,null,"室外小区道路（含排水管）",null,{"v":332.142192,"d":"332"},{"v":334.76043,"d":"335"},{"v":352.34002799999996,"d":"352"},{"v":365.431218,"d":"365"},{"v":359.07264,"d":"359"},{"v":371.415762,"d":"371"},{"v":366.7,"d":"367"},{"v":349.8318,"d":"350"},{"v":374.034,"d":"374"},{"v":409.6039,"d":"410"}]
[null,null,"室外泳池(元/m³)",null,{"v":1376.7552,"d":"1377"},{"v":1387.6080000000002,"d":"1388"},{"v":1460.4768,"d":"1460"},{"v":1514.7408,"d":"1515"},{"v":1488.384,"d":"1488"},{"v":1539.5472,"d":"1540"},1520,{"v":1450.08,"d":"1450"},{"v":1550.4,"d":"1550"},{"v":1697.84,"d":"1698"}]
[null,null,"园林绿化",null,{"v":81.5184,"d":"82"},{"v":82.161,"d":"82"},{"v":86.47559999999999,"d":"86"},{"v":89.6886,"d":"90"},{"v":88.128,"d":"88"},{"v":91.1574,"d":"91"},90,{"v":85.86,"d":"86"},{"v":91.8,"d":"92"},{"v":100.53,"d":"101"},"1.园林绿化包括绿地整理、乔木、灌木、露地花卉、草皮等植物的种植及保养，绿化给排水安装等；\n2.不含园建工程；\n3.造价指标细目详见《园林绿化工程综合指标细目组成》。"]
[null,"其他工程","挡土墙\n（元/ m³）","砌石",{"v":522.306504,"d":"522"},{"v":526.423785,"d":"526"},{"v":554.0683859999999,"d":"554"},{"v":574.6547909999999,"d":"575"},{"v":564.65568,"d":"565"},{"v":584.065719,"d":"584"},{"v":576.65,"d":"577"},{"v":550.1241,"d":"550"},{"v":588.183,"d":"588"},{"v":644.1180499999999,"d":"644"},"1.按实体体积计（含压顶、基础，不含垫层）。"]
[{"$nulls":3},"钢筋混凝土",{"v":1645.2224640000002,"d":"1645"},{"v":1658.19156,"d":"1658"},{"v":1745.2697759999999,"d":"1745"},{"v":1810.115256,"d":"1810"},{"v":1778.61888,"d":"1779"},{"v":1839.758904,"d":"1840"},{"v":1816.4,"d":"1816"},{"v":1732.8456,"d":"1733"},{"v":1852.728,"d":"1853"},{"v":2028.9188000000001,"d":"2029"}]
[null,null,"“三通一平”土方挖运工程（元/ m³）",null,{"v":18.930384,"d":"19"},{"v":19.07961,"d":"19"},{"v":20.081555999999996,"d":"20"},{"v":20.827685999999996,"d":"21"},{"v":20.465279999999996,"d":"20"},{"v":21.168774,"d":"21"},{"v":20.9,"d":"21"},{"v":19.938599999999997,"d":"20"},{"v":21.317999999999998,"d":"21"},{"v":23.345299999999998,"d":"23"},"1.按实体体积计；\n2.仅指前期“三通一平”土方开挖，运距按5km计，每增减1km增减2元/m³。"]

{"sheet":"附件一（1 ）","index":1,"n_rows":38,"n_cols":26,"rows_kept":38,"hidden":true,"merged":[[0,0,0,1],[0,2,0,25],[1,0,2,0],[1,1,2,3],[1,4,1,24],[1,25,2,25],[2,4,2,6],[2,7,2,9],[2,10,2,12],[2,13,2,15],[2,16,2,18],[2,19,2,21],[2,22,2,24],[3,0,29,0],[3,1,6,1],[3,2,3,3],[3,25,6,25],[4,2,6,2],[7,1,10,1],[7,2,7,3],[7,25,9,25],[8,2,8,3],[9,2,9,3],[10,2,10,3],[11,1,25,1],[11,2,12,2],[11,25,20,25],[13,2,13,3],[14,2,14,3],[15,2,20,2],[21,2,25,2],[21,25,25,25],[26,1,28,1],[26,2,26,3],[26,4,26,6],[26,7,26,9],[26,10,26,12],[26,13,26,15],[26,16,26,18],[26,19,26,21],[26,22,26,24],[27,2,28,2],[27,25,28,25],[29,1,29,3],[30,0,37,0],[30,1,34,1],[30,2,31,2],[30,25,33,25],[32,2,32,3],[33,2,33,3],[34,2,34,3],[34,4,34,6],[34,7,34,9],[34,10,34,12],[34,13,34,15],[34,16,34,18],[34,19,34,21],[34,22,34,24],[35,1,37,1],[35,2,36,2],[35,25,36,25],[37,2,37,3]],"flags":["formulas_cached_only"]}
["附件二",null,"佛山市2008-2014年房产工程建安造价综合指标区间值"]
["分类","模块选择",null,null,"造价指标（元/㎡）",{"$nulls":20},"备 注"]
[{"$nulls":4},2008,null,null,2009,null,null,2010,null,null,2011,null,null,2012,null,null,2013,null,null,2014]
["楼宇建筑工程","基础工程","天然基础",null,{"v":87.912,"d":"88"},"~",{"v":97.68,"d":"98"},{"v":88.605,"d":"89"},"~",{"v":98.45,"d":"98"},{"v":93.258,"d":"93"},"~",{"v":103.61999999999999,"d":"104"},{"v":96.723,"d":"97"},"~",{"v":107.47,"d":"107"},{"v":95.03999999999999,"d":"95"},"~",{"v":105.6,"d":"106"},{"v":98.307,"d":"98"},"~",{"v":109.23,"d":"109"},99,"~",110,"1、按总建筑面积计；2、若有两种或以上类型桩，可按相应占比综合折算指标，相应占比按其对应的基座平面面积比例计。"]
[null,null,"桩基础","预制管桩",{"v":100.6992,"d":"101"},"~",{"v":111.888,"d":"112"},{"v":101.493,"d":"101"},"~",{"v":112.77,"d":"113"},{"v":106.8228,"d":"107"},"~",{"v":118.692,"d":"119"},{"v":110.79180000000001,"d":"111"},"~",{"v":123.102,"d":"123"},{"v":108.86399999999999,"d":"109"},"~",{"v":120.96,"d":"121"},{"v":112.6062,"d":"113"},"~",{"v":125.118,"d":"125"},{"v":113.4,"d":"113"},"~",126]
[{"$nulls":3},"旋挖桩",{"v":122.2776,"d":"122"},"~",{"v":135.864,"d":"136"},{"v":123.2415,"d":"123"},"~",{"v":136.935,"d":"137"},{"v":129.7134,"d":"130"},"~",{"v":144.126,"d":"144"},{"v":134.5329,"d":"135"},"~",{"v":149.481,"d":"149"},{"v":132.192,"d":"132"},"~",{"v":146.88,"d":"147"},{"v":136.7361,"d":"137"},"~",{"v":151.929,"d":"152"},{"v":137.70000000000002,"d":"138"},"~",153]
[{"$nulls":3},"钻（冲）孔桩",{"v":164.6352,"d":"165"},"~",{"v":182.928,"d":"183"},{"v":165.93300000000002,"d":"166"},"~",{"v":184.37,"d":"184"},{"v":174.64679999999998,"d":"175"},"~",{"v":194.052,"d":"194"},{"v":181.13580000000002,"d":"181"},"~",{"v":201.262,"d":"201"},{"v":177.984,"d":"178"},"~",{"v":197.76,"d":"198"},{"v":184.1022,"d":"184"},"~",{"v":204.558,"d":"205"},{"v":185.4,"d":"185"},"~",206]
[null,"地下室工程","共1层",null,{"v":2218.5792,"d":"2219"},"~",{"v":2465.088,"d":"2465"},{"v":2236.068,"d":"2236"},"~",{"v":2484.52,"d":"2485"},{"v":2353.4928,"d":"2353"},"~",{"v":2614.9919999999997,"d":"2615"},{"v":2440.9368,"d":"2441"},"~",{"v":2712.152,"d":"2712"},{"v":2398.464,"d":"2398"},"~",{"v":2664.96,"d":"2665"},{"v":2480.9112,"d":"2481"},"~",{"v":2756.5679999999998,"d":"2757"},{"v":2498.4,"d":"2498"},"~",2776,"1、按地下室总建筑面积（含人防面积）计算；\n2、含土方开挖、基坑支护，土建、给排水、照明、消防、弱电、 防雷、通风，简单装修等。"]
[null,null,"共2层",null,{"v":2176.2216,"d":"2176"},"~",{"v":2418.024,"d":"2418"},{"v":2193.3765000000003,"d":"2193"},"~",{"v":2437.085,"d":"2437"},{"v":2308.5594,"d":"2309"},"~",{"v":2565.066,"d":"2565"},{"v":2394.3339,"d":"2394"},"~",{"v":2660.371,"d":"2660"},{"v":2352.672,"d":"2353"},"~",{"v":2614.08,"d":"2614"},{"v":2433.5451,"d":"2434"},"~",{"v":2703.939,"d":"2704"},{"v":2450.7000000000003,"d":"2451"},"~",2723]
[null,null,"共3层",null,{"v":2354.4432,"d":"2354"},"~",{"v":2616.0480000000002,"d":"2616"},{"v":2373.003,"d":"2373"},"~",{"v":2636.67,"d":"2637"},{"v":2497.6188,"d":"2498"},"~",{"v":2775.132,"d":"2775"},{"v":2590.4177999999997,"d":"2590"},"~",{"v":2878.2419999999997,"d":"2878"},{"v":2545.344,"d":"2545"},"~",{"v":2828.16,"d":"2828"},{"v":2632.8402,"d":"2633"},"~",{"v":2925.378,"d":"2925"},{"v":2651.4,"d":"2651"},"~",2946]
[null,null,"人防工程+",null,{"v":1009.3896000000001,"d":"1009"},"~",{"v":1121.544,"d":"1122"},{"v":1017.3465,"d":"1017"},"~",{"v":1130.385,"d":"1130"},{"v":1070.7713999999999,"d":"1071"},"~",{"v":1189.7459999999999,"d":"1190"},{"v":1110.5559,"d":"1111"},"~",{"v":1233.951,"d":"1234"},{"v":1091.232,"d":"1091"},"~",{"v":1212.48,"d":"1212"},{"v":1128.7431000000001,"d":"1129"},"~",{"v":1254.159,"d":"1254"},{"v":1136.7,"d":"1137"},"~",1263,"1、按地下室人防建筑面积计；2、‘+’表示除地下室通用指标外，因人防部分而增加的单方造价。"]
[null,"地上建筑工程","别墅","独栋",{"v":1623.1752000000001,"d":"1623"},"~",{"v":1803.528,"d":"1804"},{"v":1635.9705000000001,"d":"1636"},"~",{"v":1817.7450000000001,"d":"1818"},{"v":1721.8818,"d":"1722"},"~",{"v":1913.202,"d":"1913"},{"v":1785.8583,"d":"1786"},"~",{"v":1984.287,"d":"1984"},{"v":1754.784,"d":"1755"},"~",{"v":1949.76,"d":"1950"},{"v":1815.1046999999999,"d":"1815"},"~",{"v":2016.783,"d":"2017"},{"v":1827.9,"d":"1828"},"~",2031,"1、按各模块相应建筑面积计，塔楼下面有裙楼的，应扣除裙楼建筑面积；2、单体建筑的公共设施配套用房包括幼儿园、居委（派出所）用房、物业用房、垃圾站、厕所等，按满足基本使用标准计；3、其他模块均按毛坯交楼标准（含土建、安装），即除外立面、屋面保温隔热装饰和公共区（大堂、电梯前室、楼梯间）装修外，户内按毛坯标准：墙面、地面、天面砂浆抹平，门（入户、防火、其他），铝合金门窗、护栏，配电箱、弱电箱（网络、电讯、有线电视），智能化、消防设施，给水入口和排水出口等；                         4、住宅塔楼第1、2层等楼层为商铺、办公等用途的，参考“商业裙楼”造价指标；5、不含电梯；6、商业裙楼层高首层按6m，标准层4.5m计；7、住宅塔楼层高按3m计。"]
[{"$nulls":3},"联排",{"v":1830.1680000000001,"d":"1830"},"~",{"v":2033.52,"d":"2034"},{"v":1844.5950000000003,"d":"1845"},"~",{"v":2049.55,"d":"2050"},{"v":1941.462,"d":"1941"},"~",{"v":2157.18,"d":"2157"},{"v":2013.597,"d":"2014"},"~",{"v":2237.33,"d":"2237"},{"v":1978.5600000000002,"d":"1979"},"~",{"v":2198.4,"d":"2198"},{"v":2046.5729999999999,"d":"2047"},"~",{"v":2273.97,"d":"2274"},2061,"~",2290]
[null,null,"公共设施配套用房",null,{"v":1767.8304,"d":"1768"},"~",{"v":1964.256,"d":"1964"},{"v":1781.766,"d":"1782"},"~",{"v":1979.74,"d":"1980"},{"v":1875.3335999999997,"d":"1875"},"~",{"v":2083.7039999999997,"d":"2084"},{"v":1945.0115999999998,"d":"1945"},"~",{"v":2161.124,"d":"2161"},{"v":1911.1680000000001,"d":"1911"},"~",{"v":2123.52,"d":"2124"},{"v":1976.8644000000002,"d":"1977"},"~",{"v":2196.516,"d":"2197"},{"v":1990.8,"d":"1991"},"~",2212]
[null,null,"商业裙楼",null,{"v":1579.2192000000002,"d":"1579"},"~",{"v":1754.688,"d":"1755"},{"v":1591.6680000000001,"d":"1592"},"~",{"v":1768.52,"d":"1769"},{"v":1675.2528,"d":"1675"},"~",{"v":1861.3919999999998,"d":"1861"},{"v":1737.4968,"d":"1737"},"~",{"v":1930.552,"d":"1931"},{"v":1707.2640000000001,"d":"1707"},"~",{"v":1896.96,"d":"1897"},{"v":1765.9512,"d":"1766"},"~",{"v":1962.168,"d":"1962"},{"v":1778.4,"d":"1778"},"~",1976]
[null,null,"住宅塔楼","≤6层",{"v":1318.68,"d":"1319"},"~",{"v":1465.2,"d":"1465"},{"v":1329.075,"d":"1329"},"~",{"v":1476.75,"d":"1477"},{"v":1398.87,"d":"1399"},"~",{"v":1554.3,"d":"1554"},{"v":1450.845,"d":"1451"},"~",{"v":1612.05,"d":"1612"},{"v":1425.6000000000001,"d":"1426"},"~",1584,{"v":1474.605,"d":"1475"},"~",{"v":1638.45,"d":"1638"},1485,"~",1650]
[{"$nulls":3},"7-11层",{"v":1355.746896,"d":"1356"},"~",{"v":1506.38544,"d":"1506"},{"v":1366.43409,"d":"1366"},"~",{"v":1518.2601,"d":"1518"},{"v":1438.190964,"d":"1438"},"~",{"v":1597.9899599999999,"d":"1598"},{"v":1491.626934,"d":"1492"},"~",{"v":1657.3632599999999,"d":"1657"},{"v":1465.67232,"d":"1466"},"~",{"v":1628.5248,"d":"1629"},{"v":1516.0548059999999,"d":"1516"},"~",{"v":1684.50534,"d":"1685"},{"v":1526.742,"d":"1527"},"~",{"v":1696.3799999999999,"d":"1696"}]
[{"$nulls":3},"12-17层",{"v":1397.249352,"d":"1397"},"~",{"v":1552.49928,"d":"1552"},{"v":1408.263705,"d":"1408"},"~",{"v":1564.73745,"d":"1565"},{"v":1482.217218,"d":"1482"},"~",{"v":1646.9080199999999,"d":"1647"},{"v":1537.288983,"d":"1537"},"~",{"v":1708.0988699999998,"d":"1708"},{"v":1510.53984,"d":"1511"},"~",{"v":1678.3775999999998,"d":"1678"},{"v":1562.464647,"d":"1562"},"~",{"v":1736.0718299999999,"d":"1736"},{"v":1573.479,"d":"1573"},"~",{"v":1748.31,"d":"1748"}]
[{"$nulls":3},"18-22层",{"v":1421.7768,"d":"1422"},"~",{"v":1579.752,"d":"1580"},{"v":1432.9845,"d":"1433"},"~",{"v":1592.205,"d":"1592"},{"v":1508.2362,"d":"1508"},"~",{"v":1675.818,"d":"1676"},{"v":1564.2747,"d":"1564"},"~",{"v":1738.0829999999999,"d":"1738"},{"v":1537.056,"d":"1537"},"~",{"v":1707.84,"d":"1708"},{"v":1589.8923,"d":"1590"},"~",{"v":1766.547,"d":"1767"},{"v":1601.1000000000001,"d":"1601"},"~",1779]
[{"$nulls":3},"22层以上（100米以下）",{"v":1524.138336,"d":"1524"},"~",{"v":1693.48704,"d":"1693"},{"v":1536.15294,"d":"1536"},"~",{"v":1706.8365999999999,"d":"1707"},{"v":1616.822424,"d":"1617"},"~",{"v":1796.4693599999998,"d":"1796"},{"v":1676.895444,"d":"1677"},"~",{"v":1863.21716,"d":"1863"},{"v":1647.7171199999998,"d":"1648"},"~",{"v":1830.7967999999998,"d":"1831"},{"v":1704.3573959999999,"d":"1704"},"~",{"v":1893.7304399999998,"d":"1894"},{"v":1716.372,"d":"1716"},"~",{"v":1907.08,"d":"1907"}]
[{"$nulls":3},"100米以上",{"v":1666.332,"d":"1666"},"~",{"v":1851.48,"d":"1851"},{"v":1679.4675,"d":"1679"},"~",{"v":1866.075,"d":"1866"},{"v":1767.663,"d":"1768"},"~",{"v":1964.07,"d":"1964"},{"v":1833.3404999999998,"d":"1833"},"~",{"v":2037.0449999999998,"d":"2037"},{"v":1801.44,"d":"1801"},"~",{"v":2001.6,"d":"2002"},{"v":1863.3645000000001,"d":"1863"},"~",{"v":2070.405,"d":"2070"},{"v":1876.5,"d":"1877"},"~",2085]
[null,null,"商业塔楼","≤6层",{"v":1671.1272000000001,"d":"1671"},"~",{"v":1856.808,"d":"1857"},{"v":1684.3005,"d":"1684"},"~",{"v":1871.445,"d":"1871"},{"v":1772.7498,"d":"1773"},"~",{"v":1969.722,"d":"1970"},{"v":1838.6163,"d":"1839"},"~",{"v":2042.907,"d":"2043"},{"v":1806.624,"d":"1807"},"~",{"v":2007.36,"d":"2007"},{"v":1868.7267,"d":"1869"},"~",{"v":2076.363,"d":"2076"},{"v":1881.9,"d":"1882"},"~",2091,"1、按模块相应建筑面积计，下面有裙楼的，应扣除裙楼面积；\n2、按毛坯交楼标准（含土建、安装），即外立面、屋面保温隔热装饰；公共部位（大堂、电梯前室、楼梯间）装修；户内毛坯：墙面、地面、天面砂浆抹平，门（入户、防火、其他），铝合金门窗、护栏，配电箱、弱电箱（网络、电讯、有线电视），智能化、消防设施，给水入口和排水出口等；\n3、不含电梯、中央空调设备；\n4、层高首层按5.5m，标准层4m计。"]
[{"$nulls":3},"7-12层",{"v":1428.1304400000001,"d":"1428"},"~",{"v":1586.8116,"d":"1587"},{"v":1439.388225,"d":"1439"},"~",{"v":1599.32025,"d":"1599"},{"v":1514.97621,"d":"1515"},"~",{"v":1683.3069,"d":"1683"},{"v":1571.265135,"d":"1571"},"~",{"v":1745.85015,"d":"1746"},{"v":1543.9248,"d":"1544"},"~",{"v":1715.472,"d":"1715"},{"v":1596.997215,"d":"1597"},"~",{"v":1774.44135,"d":"1774"},{"v":1608.255,"d":"1608"},"~",{"v":1786.95,"d":"1787"}]
[{"$nulls":3},"13-18层",{"v":1485.8326800000002,"d":"1486"},"~",{"v":1650.9252000000001,"d":"1651"},{"v":1497.545325,"d":"1498"},"~",{"v":1663.9392500000001,"d":"1664"},{"v":1576.1873699999999,"d":"1576"},"~",{"v":1751.3192999999999,"d":"1751"},{"v":1634.7505950000002,"d":"1635"},"~",{"v":1816.38955,"d":"1816"},{"v":1606.3056000000001,"d":"1606"},"~",{"v":1784.784,"d":"1785"},{"v":1661.522355,"d":"1662"},"~",{"v":1846.13595,"d":"1846"},{"v":1673.2350000000001,"d":"1673"},"~",{"v":1859.15,"d":"1859"}]
[{"$nulls":3},"18层以上（100米以下）",{"v":1527.2712000000001,"d":"1527"},"~",{"v":1696.968,"d":"1697"},{"v":1539.3105,"d":"1539"},"~",{"v":1710.345,"d":"1710"},{"v":1620.1457999999998,"d":"1620"},"~",{"v":1800.1619999999998,"d":"1800"},{"v":1680.3423,"d":"1680"},"~",{"v":1867.047,"d":"1867"},{"v":1651.104,"d":"1651"},"~",{"v":1834.56,"d":"1835"},{"v":1707.8607000000002,"d":"1708"},"~",{"v":1897.623,"d":"1898"},{"v":1719.9,"d":"1720"},"~",1911]
[{"$nulls":3},"100米以上",{"v":1669.5288,"d":"1670"},"~",{"v":1855.032,"d":"1855"},{"v":1682.6895,"d":"1683"},"~",{"v":1869.655,"d":"1870"},{"v":1771.0542,"d":"1771"},"~",{"v":1967.838,"d":"1968"},{"v":1836.8577,"d":"1837"},"~",{"v":2040.953,"d":"2041"},{"v":1804.896,"d":"1805"},"~",{"v":2005.4399999999998,"d":"2005"},{"v":1866.9393,"d":"1867"},"~",{"v":2074.377,"d":"2074"},{"v":1880.1000000000001,"d":"1880"},"~",2089]
[null,"特殊装饰工程","户内装修",null,{"v":710.4,"d":"710"},null,null,716,null,null,{"v":753.5999999999999,"d":"754"},null,null,{"v":781.6,"d":"782"},null,null,768,null,null,{"v":794.4,"d":"794"},null,null,800,null,null,"1、按装修面积计，中等装修标准；2、装修标准 客厅：地面600*600抛光砖、简单吊顶、刷乳胶漆、踢脚线；房间：复合木地板、顶角线、踢脚线、刷乳胶漆、木门；厨房：铝扣板吊顶、吊柜和厨柜（含抽油烟机、消毒柜、燃气灶、洗菜盆和水龙头等）、墙面砖、300*300防滑地砖；卫生间：铝扣板吊顶、墙面砖、300*300防滑地砖、冼手间吊地柜（含冼手台盆、水龙头）、淋浴间，坐便器等。3、安装 配电箱和弱电箱及其全屋布线、开关插座、灯具，给水管安装等；4、造价指标细目详见《户内装修综合指标细目组成》。"]
[null,null,"高档外立面","干挂石材+",{"v":401.9976,"d":"402"},"~",{"v":446.664,"d":"447"},{"v":405.1665,"d":"405"},"~",{"v":450.185,"d":"450"},{"v":426.4434,"d":"426"},"~",{"v":473.82599999999996,"d":"474"},{"v":442.2879,"d":"442"},"~",{"v":491.431,"d":"491"},{"v":434.592,"d":"435"},"~",{"v":482.88,"d":"483"},{"v":449.5311,"d":"450"},"~",{"v":499.479,"d":"499"},{"v":452.7,"d":"453"},"~",503,"1、干挂石材和玻璃幕墙均按其外立面面积计；2、‘+’表示采用挂石、玻璃外幕墙而额外增加的造价指标。"]
[{"$nulls":3},"玻璃幕墙+",{"v":687.3120000000001,"d":"687"},"~",{"v":763.6800000000001,"d":"764"},{"v":692.73,"d":"693"},"~",{"v":769.7,"d":"770"},{"v":729.1080000000001,"d":"729"},"~",{"v":810.12,"d":"810"},{"v":756.1980000000001,"d":"756"},"~",{"v":840.22,"d":"840"},{"v":743.0400000000001,"d":"743"},"~",{"v":825.6,"d":"826"},{"v":768.582,"d":"769"},"~",{"v":853.98,"d":"854"},774,"~",860]
[null,"燃气工程（元/户）",null,null,{"v":3596.4,"d":"3596"},"~",3996,{"v":3624.75,"d":"3625"},"~",{"v":4027.5,"d":"4028"},{"v":3815.1,"d":"3815"},"~",4239,{"v":3956.85,"d":"3957"},"~",{"v":4396.5,"d":"4397"},3888,"~",4320,{"v":4021.65,"d":"4022"},"~",{"v":4468.5,"d":"4469"},4050,"~",4500,"1、按户计；2、包括工程费、户内设施配套费、集抄费、容量气价费。"]
["室外工程","室外配套工程","高低压配电","高压电缆（元/m）",{"v":1374.6240000000003,"d":"1375"},"~",{"v":1527.3600000000001,"d":"1527"},{"v":1385.46,"d":"1385"},"~",{"v":1539.4,"d":"1539"},{"v":1458.2160000000001,"d":"1458"},"~",{"v":1620.24,"d":"1620"},{"v":1512.3960000000002,"d":"1512"},"~",{"v":1680.44,"d":"1680"},{"v":1486.0800000000002,"d":"1486"},"~",{"v":1651.2,"d":"1651"},{"v":1537.164,"d":"1537"},"~",{"v":1707.96,"d":"1708"},1548,"~",1720,"1、除注明外按各模块占地面积计；2、室外泳池含设备，按设计储水体积计；3、高低压配电中的高压电缆按直埋方式考虑，电缆保护管为塑料保护管，并综合考虑路面或人行道的拆除及修复；高压电缆直径为3*300 mm²，按电缆累计总长度以m计算。"]
[{"$nulls":3},"配电房设施（元/KVA）",{"v":1033.3656,"d":"1033"},"~",{"v":1148.184,"d":"1148"},{"v":1041.5115,"d":"1042"},"~",{"v":1157.2350000000001,"d":"1157"},{"v":1096.2053999999998,"d":"1096"},"~",{"v":1218.0059999999999,"d":"1218"},{"v":1136.9349,"d":"1137"},"~",{"v":1263.261,"d":"1263"},{"v":1117.152,"d":"1117"},"~",{"v":1241.28,"d":"1241"},{"v":1155.5541,"d":"1156"},"~",{"v":1283.949,"d":"1284"},{"v":1163.7,"d":"1164"},"~",1293]
[null,null,"室外小区道路（含排水管）",null,{"v":308.49120000000005,"d":"308"},"~",{"v":342.76800000000003,"d":"343"},{"v":310.92300000000006,"d":"311"},"~",{"v":345.47,"d":"345"},{"v":327.25079999999997,"d":"327"},"~",{"v":363.61199999999997,"d":"364"},{"v":339.4098,"d":"339"},"~",{"v":377.122,"d":"377"},{"v":333.504,"d":"334"},"~",{"v":370.56,"d":"371"},{"v":344.9682,"d":"345"},"~",{"v":383.298,"d":"383"},{"v":347.40000000000003,"d":"347"},"~",386]
[null,null,"室外泳池(元/m³)",null,{"v":1278.72,"d":"1279"},"~",{"v":1420.8,"d":"1421"},{"v":1288.8,"d":"1289"},"~",1432,{"v":1356.4799999999998,"d":"1356"},"~",{"v":1507.1999999999998,"d":"1507"},{"v":1406.88,"d":"1407"},"~",{"v":1563.2,"d":"1563"},{"v":1382.4,"d":"1382"},"~",1536,{"v":1429.92,"d":"1430"},"~",{"v":1588.8,"d":"1589"},1440,"~",1600]
[null,null,"园林绿化",null,{"v":79.92,"d":"80"},null,null,{"v":80.55,"d":"81"},null,null,{"v":84.78,"d":"85"},null,null,{"v":87.92999999999999,"d":"88"},null,null,{"v":86.39999999999999,"d":"86"},null,null,{"v":89.37,"d":"89"},null,null,90,null,null,"1、园林绿化包括绿地整理、乔木、灌木、露地花卉、草皮等植物的种植及保养，绿化给排水安装等；2、不含园建工程； 3、造价指标细目详见《园林绿化工程综合指标细目组成》。"]
[null,"其他工程","挡土墙\n（元/ m³）","砌石",{"v":485.1144,"d":"485"},"~",{"v":539.016,"d":"539"},{"v":488.9385,"d":"489"},"~",{"v":543.265,"d":"543"},{"v":514.6146,"d":"515"},"~",{"v":571.794,"d":"572"},{"v":533.7351,"d":"534"},"~",{"v":593.039,"d":"593"},{"v":524.4480000000001,"d":"524"},"~",{"v":582.72,"d":"583"},{"v":542.4759,"d":"542"},"~",{"v":602.751,"d":"603"},{"v":546.3000000000001,"d":"546"},"~",607,"1、按实体体积计（含压顶、基础，不含垫层）。"]
[{"$nulls":3},"钢筋混凝土",{"v":1528.0704,"d":"1528"},"~",{"v":1697.856,"d":"1698"},{"v":1540.116,"d":"1540"},"~",{"v":1711.24,"d":"1711"},{"v":1620.9935999999998,"d":"1621"},"~",{"v":1801.1039999999998,"d":"1801"},{"v":1681.2215999999999,"d":"1681"},"~",{"v":1868.024,"d":"1868"},{"v":1651.968,"d":"1652"},"~",{"v":1835.52,"d":"1836"},{"v":1708.7544,"d":"1709"},"~",{"v":1898.616,"d":"1899"},{"v":1720.8,"d":"1721"},"~",1912]
[null,null,"‘三通一平’土方挖运工程（元/ m³）",null,{"v":17.582400000000003,"d":"18"},"~",{"v":19.536,"d":"20"},{"v":17.721,"d":"18"},"~",{"v":19.69,"d":"20"},{"v":18.651600000000002,"d":"19"},"~",{"v":20.724,"d":"21"},{"v":19.3446,"d":"19"},"~",{"v":21.494,"d":"21"},{"v":19.008,"d":"19"},"~",{"v":21.119999999999997,"d":"21"},{"v":19.6614,"d":"20"},"~",{"v":21.846,"d":"22"},{"v":19.8,"d":"20"},"~",22,"1、按实体体积计；2、仅指前期‘三通一平’土方开挖，运距按5km计，每增减1km增减2元/m³。"]

{"sheet":"户内装修综合指标细目组成 ","index":2,"n_rows":27,"n_cols":26,"rows_kept":27,"merged":[[0,0,0,25],[1,0,1,25],[2,0,2,25],[3,0,4,2],[3,3,3,4],[3,5,3,6],[3,7,3,8],[3,9,3,10],[3,11,3,12],[3,13,3,14],[3,15,3,16],[3,17,3,18],[3,19,3,20],[3,21,3,22],[3,23,3,24],[3,25,4,25],[5,0,19,0],[5,1,9,1],[5,25,9,25],[10,1,19,1],[10,25,19,25],[20,0,24,1],[20,25,24,25],[25,0,25,2],[25,3,25,4],[26,0,26,25]],"flags":["formulas_cached_only"]}
["佛山市2008—2017年土地增值税扣除项目金额标准"]
["                          户内装修综合指标细目组成                          "]
["单价合价单位：元"]
["装修分类",null,null,"工程量",null,"2008年",null,"2009年",null,"2010年",null,"2011年",null,"2012年",null,"2013年",null,"2014年",null,"2015年",null,"2016年",null,"2017年",null,"备注"]
[{"$nulls":3},"数量","单位","单价","合价","单价","合价","单价","合价","单价","合价","单价","合价","单价","合价","单价","合价","单价","合价","单价","合价","单价","合价"]
["装饰","客厅 房间","房间门",3,"樘",{"v":1065.6,"d":"1066"},{"v":3196.8,"d":"3197"},1074,3222,{"v":1130.3999999999999,"d":"1130"},{"v":3391.2,"d":"3391"},{"v":1172.3999999999999,"d":"1172"},{"v":3517.2,"d":"3517"},1152,3456,{"v":1191.6,"d":"1192"},{"v":3574.8,"d":"3575"},1200,3600,{"v":1144.8,"d":"1145"},{"v":3434.3999999999996,"d":"3434"},1224,3672,{"v":1340.4,"d":"1340"},{"v":4021.2,"d":"4021"},"\n\n"]
[null,null,"简单吊顶",20,"㎡",{"v":102.12,"d":"102"},{"v":2042.4,"d":"2042"},{"v":102.925,"d":"103"},{"v":2058.5,"d":"2059"},{"v":108.33,"d":"108"},{"v":2166.6,"d":"2167"},{"v":112.355,"d":"112"},{"v":2247.1,"d":"2247"},{"v":110.4,"d":"110"},2208,{"v":114.195,"d":"114"},{"v":2283.8999999999996,"d":"2284"},115,2300,{"v":109.71,"d":"110"},{"v":2194.2,"d":"2194"},{"v":117.3,"d":"117"},2346,{"v":128.455,"d":"128"},{"v":2569.1000000000004,"d":"2569"}]
[null,null,"天花、墙面刷乳胶漆",250,"㎡",{"v":23.976,"d":"24"},5994,{"v":24.165,"d":"24"},{"v":6041.25,"d":"6041"},{"v":25.433999999999997,"d":"25"},{"v":6358.499999999999,"d":"6359"},{"v":26.378999999999998,"d":"26"},{"v":6594.749999999999,"d":"6595"},{"v":25.92,"d":"26"},{"v":6479.999999999999,"d":"6480"},{"v":26.811,"d":"27"},{"v":6702.75,"d":"6703"},27,6750,{"v":25.758,"d":"26"},{"v":6439.5,"d":"6440"},{"v":27.54,"d":"28"},6885,{"v":30.159,"d":"30"},{"v":7539.75,"d":"7540"}]
[null,null,"600×600抛光砖（含踢脚线）",40,"㎡",{"v":168.72,"d":"169"},{"v":6748.8,"d":"6749"},{"v":170.05,"d":"170"},6802,{"v":178.98,"d":"179"},{"v":7159.2,"d":"7159"},{"v":185.63,"d":"186"},{"v":7425.2,"d":"7425"},{"v":182.4,"d":"182"},7296,{"v":188.67,"d":"189"},{"v":7546.799999999999,"d":"7547"},190,7600,{"v":181.26,"d":"181"},{"v":7250.4,"d":"7250"},{"v":193.8,"d":"194"},7752,{"v":212.23,"d":"212"},{"v":8489.199999999999,"d":"8489"}]
[null,null,"复合木地板（含踢脚线）",40,"㎡",{"v":186.48,"d":"186"},{"v":7459.2,"d":"7459"},{"v":187.95,"d":"188"},{"v":7518.000000000001,"d":"7518"},{"v":197.82,"d":"198"},{"v":7912.799999999999,"d":"7913"},{"v":205.17,"d":"205"},{"v":8206.8,"d":"8207"},{"v":201.6,"d":"202"},8064,{"v":208.53,"d":"209"},{"v":8341.2,"d":"8341"},210,8400,{"v":200.34,"d":"200"},{"v":8013.6,"d":"8014"},{"v":214.2,"d":"214"},8568,{"v":234.57,"d":"235"},{"v":9382.8,"d":"9383"}]
[null,"厨房  卫生间阳台","厨房门",1,"樘",{"v":1314.24,"d":"1314"},{"v":1314.24,"d":"1314"},{"v":1324.6,"d":"1325"},{"v":1324.6,"d":"1325"},{"v":1394.16,"d":"1394"},{"v":1394.16,"d":"1394"},{"v":1445.96,"d":"1446"},{"v":1445.96,"d":"1446"},{"v":1420.8,"d":"1421"},{"v":1420.8,"d":"1421"},{"v":1469.64,"d":"1470"},{"v":1469.64,"d":"1470"},1480,1480,{"v":1411.9199999999998,"d":"1412"},{"v":1411.9199999999998,"d":"1412"},{"v":1509.6,"d":"1510"},{"v":1509.6,"d":"1510"},{"v":1653.16,"d":"1653"},{"v":1653.16,"d":"1653"},"1.厨柜包括：地柜、吊柜、洗菜盆、水龙头、下水器等；    2.洗手台柜包括：洗手盆、镜子、水龙头、下水器等；      3.卫浴用具包括：淋浴间、座（蹲）厕、多功能花洒、卫浴五金挂件、厕纸盒、毛巾杆等。"]
[null,null,"卫生间玻璃门",2,"樘",{"v":1145.52,"d":"1146"},{"v":2291.04,"d":"2291"},{"v":1154.55,"d":"1155"},{"v":2309.1,"d":"2309"},{"v":1215.1799999999998,"d":"1215"},{"v":2430.3599999999997,"d":"2430"},{"v":1260.33,"d":"1260"},{"v":2520.66,"d":"2521"},{"v":1238.3999999999999,"d":"1238"},{"v":2476.7999999999997,"d":"2477"},{"v":1280.97,"d":"1281"},{"v":2561.94,"d":"2562"},1290,2580,{"v":1230.6599999999999,"d":"1231"},{"v":2461.3199999999997,"d":"2461"},{"v":1315.8,"d":"1316"},{"v":2631.6,"d":"2632"},{"v":1440.93,"d":"1441"},{"v":2881.86,"d":"2882"}]
[null,null,"铝扣板",14,"㎡",{"v":106.56,"d":"107"},{"v":1491.84,"d":"1492"},{"v":107.4,"d":"107"},{"v":1503.6,"d":"1504"},{"v":113.04,"d":"113"},{"v":1582.56,"d":"1583"},{"v":117.24,"d":"117"},{"v":1641.36,"d":"1641"},{"v":115.19999999999999,"d":"115"},{"v":1612.7999999999997,"d":"1613"},{"v":119.16,"d":"119"},{"v":1668.24,"d":"1668"},120,1680,{"v":114.47999999999999,"d":"114"},{"v":1602.7199999999998,"d":"1603"},{"v":122.4,"d":"122"},{"v":1713.6,"d":"1714"},{"v":134.04,"d":"134"},{"v":1876.56,"d":"1877"}]
[null,null,"墙身砖",51,"㎡",{"v":106.56,"d":"107"},{"v":5434.56,"d":"5435"},{"v":107.4,"d":"107"},{"v":5477.4,"d":"5477"},{"v":113.04,"d":"113"},{"v":5765.04,"d":"5765"},{"v":117.24,"d":"117"},{"v":5979.24,"d":"5979"},{"v":115.19999999999999,"d":"115"},{"v":5875.2,"d":"5875"},{"v":119.16,"d":"119"},{"v":6077.16,"d":"6077"},120,6120,{"v":114.47999999999999,"d":"114"},{"v":5838.48,"d":"5838"},{"v":122.4,"d":"122"},{"v":6242.4,"d":"6242"},{"v":134.04,"d":"134"},{"v":6836.04,"d":"6836"}]
[null,null,"300×300防滑地砖",24,"㎡",{"v":124.32,"d":"124"},{"v":2983.68,"d":"2984"},{"v":125.3,"d":"125"},{"v":3007.2,"d":"3007"},{"v":131.88,"d":"132"},{"v":3165.12,"d":"3165"},{"v":136.78,"d":"137"},{"v":3282.72,"d":"3283"},{"v":134.4,"d":"134"},{"v":3225.6000000000004,"d":"3226"},{"v":139.02,"d":"139"},{"v":3336.4800000000005,"d":"3336"},140,3360,{"v":133.56,"d":"134"},{"v":3205.44,"d":"3205"},{"v":142.8,"d":"143"},{"v":3427.2,"d":"3427"},{"v":156.38,"d":"156"},{"v":3753.12,"d":"3753"}]
[null,null,"厨柜",4.5,"m",{"v":1793.76,"d":"1794"},{"v":8071.92,"d":"8072"},{"v":1807.9,"d":"1808"},{"v":8135.55,"d":"8136"},{"v":1902.84,"d":"1903"},{"v":8562.779999999999,"d":"8563"},{"v":1973.54,"d":"1974"},{"v":8880.93,"d":"8881"},{"v":1939.1999999999998,"d":"1939"},{"v":8726.4,"d":"8726"},{"v":2005.86,"d":"2006"},{"v":9026.369999999999,"d":"9026"},2020,9090,{"v":1927.08,"d":"1927"},{"v":8671.86,"d":"8672"},{"v":2060.4,"d":"2060"},{"v":9271.800000000001,"d":"9272"},{"v":2256.34,"d":"2256"},{"v":10153.53,"d":"10154"}]
[null,null,"抽油烟机,灶具",1,"套",{"v":2397.6,"d":"2398"},{"v":2397.6,"d":"2398"},{"v":2416.5,"d":"2417"},{"v":2416.5,"d":"2417"},{"v":2543.3999999999996,"d":"2543"},{"v":2543.3999999999996,"d":"2543"},{"v":2637.9,"d":"2638"},{"v":2637.9,"d":"2638"},2592,2592,{"v":2681.1,"d":"2681"},{"v":2681.1,"d":"2681"},2700,2700,{"v":2575.7999999999997,"d":"2576"},{"v":2575.7999999999997,"d":"2576"},2754,2754,{"v":3015.9,"d":"3016"},{"v":3015.9,"d":"3016"}]
[null,null,"消毒柜",1,"套",1776,1776,1790,1790,1884,1884,1954,1954,1920,1920,1986,1986,2000,2000,1908,1908,2040,2040,2234,2234]
[null,null,"卫生间洗手台柜",2,"套",{"v":1784.88,"d":"1785"},{"v":3569.76,"d":"3570"},{"v":1798.95,"d":"1799"},{"v":3597.9,"d":"3598"},{"v":1893.4199999999998,"d":"1893"},{"v":3786.8399999999997,"d":"3787"},{"v":1963.77,"d":"1964"},{"v":3927.54,"d":"3928"},{"v":1929.6,"d":"1930"},{"v":3859.2,"d":"3859"},{"v":1995.93,"d":"1996"},{"v":3991.86,"d":"3992"},2010,4020,{"v":1917.54,"d":"1918"},{"v":3835.08,"d":"3835"},{"v":2050.2,"d":"2050"},{"v":4100.4,"d":"4100"},{"v":2245.17,"d":"2245"},{"v":4490.34,"d":"4490"}]
[null,null,"卫浴用具",2,"套",{"v":2397.6,"d":"2398"},{"v":4795.2,"d":"4795"},{"v":2416.5,"d":"2417"},4833,{"v":2543.3999999999996,"d":"2543"},{"v":5086.799999999999,"d":"5087"},{"v":2637.9,"d":"2638"},{"v":5275.8,"d":"5276"},2592,5184,{"v":2681.1,"d":"2681"},{"v":5362.2,"d":"5362"},2700,5400,{"v":2575.7999999999997,"d":"2576"},{"v":5151.599999999999,"d":"5152"},2754,5508,{"v":3015.9,"d":"3016"},{"v":6031.8,"d":"6032"}]
["其他安装",null,"灯具",12,"套",{"v":177.6,"d":"178"},{"v":2131.2,"d":"2131"},179,2148,{"v":188.39999999999998,"d":"188"},{"v":2260.7999999999997,"d":"2261"},{"v":195.4,"d":"195"},{"v":2344.8,"d":"2345"},192,2304,{"v":198.6,"d":"199"},{"v":2383.2,"d":"2383"},200,2400,{"v":190.8,"d":"191"},{"v":2289.6,"d":"2290"},204,2448,{"v":223.4,"d":"223"},{"v":2680.8,"d":"2681"},"1.开关、插座安装含管线；  2.水龙头为阳台、卫生间简易水龙头。"]
[null,null,"开关",18,"套",{"v":106.56,"d":"107"},{"v":1918.08,"d":"1918"},{"v":107.4,"d":"107"},{"v":1933.2,"d":"1933"},{"v":113.04,"d":"113"},{"v":2034.7199999999998,"d":"2035"},{"v":117.24,"d":"117"},{"v":2110.3199999999997,"d":"2110"},{"v":115.19999999999999,"d":"115"},{"v":2073.6,"d":"2074"},{"v":119.16,"d":"119"},{"v":2144.88,"d":"2145"},120,2160,{"v":114.47999999999999,"d":"114"},{"v":2060.64,"d":"2061"},{"v":122.4,"d":"122"},{"v":2203.2000000000003,"d":"2203"},{"v":134.04,"d":"134"},{"v":2412.72,"d":"2413"}]
[null,null,"插座",30,"套",{"v":142.08,"d":"142"},{"v":4262.400000000001,"d":"4262"},{"v":143.2,"d":"143"},4296,{"v":150.72,"d":"151"},{"v":4521.6,"d":"4522"},{"v":156.32,"d":"156"},{"v":4689.599999999999,"d":"4690"},{"v":153.6,"d":"154"},4608,{"v":158.88,"d":"159"},{"v":4766.4,"d":"4766"},160,4800,{"v":152.64,"d":"153"},{"v":4579.2,"d":"4579"},{"v":163.2,"d":"163"},4896,{"v":178.72,"d":"179"},{"v":5361.6,"d":"5362"}]
[null,null,"水龙头",4,"套",{"v":88.8,"d":"89"},{"v":355.2,"d":"355"},{"v":89.5,"d":"90"},358,{"v":94.19999999999999,"d":"94"},{"v":376.79999999999995,"d":"377"},{"v":97.7,"d":"98"},{"v":390.8,"d":"391"},96,384,{"v":99.3,"d":"99"},{"v":397.2,"d":"397"},100,400,{"v":95.4,"d":"95"},{"v":381.6,"d":"382"},102,408,{"v":111.7,"d":"112"},{"v":446.8,"d":"447"}]
[null,null,"给水管",79,"m",{"v":35.52,"d":"36"},{"v":2806.0800000000004,"d":"2806"},{"v":35.8,"d":"36"},{"v":2828.2,"d":"2828"},{"v":37.68,"d":"38"},{"v":2976.72,"d":"2977"},{"v":39.08,"d":"39"},{"v":3087.32,"d":"3087"},{"v":38.4,"d":"38"},{"v":3033.6,"d":"3034"},{"v":39.72,"d":"40"},{"v":3137.88,"d":"3138"},40,3160,{"v":38.16,"d":"38"},{"v":3014.64,"d":"3015"},{"v":40.8,"d":"41"},{"v":3223.2,"d":"3223"},{"v":44.68,"d":"45"},{"v":3529.72,"d":"3530"}]
["总计",null,null,"元/100m²",null,"/",71040,"/",{"v":71599.99999999999,"d":"71600"},"/",{"v":75360.00000000001,"d":"75360"},"/",78160,"/",76800,"/",79440,"/",80000,"/",76320,"/",81600,"/",{"v":89360.00000000001,"d":"89360"}]
["说明：\n1.以建筑面积100平方米三房（双卫）室内精装修工程量为例；                                                                                                                                                                                          2.数量为相应实际户内装修工程量，单位为㎡、m、樘、套等；                                                                                                                                                                                                                       3.门制作及安装，含补墙缝（水泥沙）、门锁、五金、门吸、门套线等。                                                                                                                                                                                               4.灯具包括：客厅灯、房间灯、厨卫、卫生间吸顶灯等；\n5.开关包括：三位单联开关、二位双联开关、一位双联开关等；\n6.插座包括：一位开关带二三插、二三插、电视插、电话插、网络插等。"]

{"sheet":"园林绿化工程综合指标细目组成","index":3,"n_rows":24,"n_cols":25,"rows_kept":24,"merged":[[1,0,1,24],[2,0,2,24],[3,0,3,24],[4,0,5,2],[4,3,4,4],[4,5,4,6],[4,7,4,8],[4,9,4,10],[4,11,4,12],[4,13,4,14],[4,15,4,16],[4,17,4,18],[4,19,4,20],[4,21,4,22],[4,23,4,24],[6,0,10,1],[11,0,11,2],[11,3,11,4],[13,10,13,11],[14,10,14,11]],"flags":["formulas_cached_only"]}
["附件"]
["佛山市2008—2017年土地增值税扣除项目金额标准"]
["园林绿化工程综合指标细目组成"]
["单价合价单位：元"]
["绿化类别",null,null,"工程量",null,"2008年",null,"2009年",null,"2010年",null,"2011年",null,"2012年",null,"2013年",null,"2014年",null,"2015年",null,"2016年",null,"2017年"]
[{"$nulls":3},"单位","数量","单价","合价","单价","合价","单价","合价","单价","合价","单价","合价","单价","合价","单价","合价","单价","合价","单价","合价","单价","合价"]
["绿化工程（按绿化面积10000㎡测算）",null,"乔木种植","株",308,{"v":1043.1158400000002,"d":"1043"},{"v":321279.67872,"d":"321280"},{"v":1051.3386,"d":"1051"},{"v":323812.28880000004,"d":"323812"},{"v":1106.54856,"d":"1107"},{"v":340816.95648,"d":"340817"},{"v":1147.66236,"d":"1148"},{"v":353480.00688,"d":"353480"},{"v":1127.6928,"d":"1128"},{"v":347329.3824,"d":"347329"},{"v":1166.45724,"d":"1166"},{"v":359268.82992,"d":"359269"},{"v":1174.68,"d":"1175"},{"v":361801.44,"d":"361801"},{"v":1120.64472,"d":"1121"},{"v":345158.57376,"d":"345159"},{"v":1198.1736,"d":"1198"},{"v":369037.46880000003,"d":"369037"},{"v":1312.1175600000001,"d":"1312"},{"v":404132.20848000003,"d":"404132"}]
[null,null,"灌木种植","株",690,{"v":232.80696,"d":"233"},{"v":160636.80240000002,"d":"160637"},{"v":234.64215000000002,"d":"235"},{"v":161903.0835,"d":"161903"},{"v":246.96414000000001,"d":"247"},{"v":170405.25660000002,"d":"170405"},{"v":256.14009,"d":"256"},{"v":176736.6621,"d":"176737"},{"v":251.6832,"d":"252"},{"v":173661.408,"d":"173661"},{"v":260.33481,"d":"260"},{"v":179631.0189,"d":"179631"},{"v":262.17,"d":"262"},{"v":180897.3,"d":"180897"},{"v":250.11018,"d":"250"},{"v":172576.0242,"d":"172576"},{"v":267.4134,"d":"267"},{"v":184515.246,"d":"184515"},{"v":292.84389,"d":"293"},{"v":202062.2841,"d":"202062"}]
[null,null,"花卉及地被种植","㎡",5500,{"v":29.20632,"d":"29"},{"v":160634.76,"d":"160635"},{"v":29.43655,"d":"29"},{"v":161901.025,"d":"161901"},{"v":30.98238,"d":"31"},{"v":170403.09,"d":"170403"},{"v":32.13353,"d":"32"},{"v":176734.415,"d":"176734"},{"v":31.5744,"d":"32"},{"v":173659.2,"d":"173659"},{"v":32.65977,"d":"33"},{"v":179628.73500000002,"d":"179629"},{"v":32.89,"d":"33"},180895,{"v":31.37706,"d":"31"},{"v":172573.83,"d":"172574"},{"v":33.5478,"d":"34"},{"v":184512.90000000002,"d":"184513"},{"v":36.73813,"d":"37"},{"v":202059.715,"d":"202060"}]
[null,null,"草皮种植","㎡",4500,{"v":17.8488,"d":"18"},{"v":80319.6,"d":"80320"},{"v":17.989500000000003,"d":"18"},{"v":80952.75000000001,"d":"80953"},{"v":18.9342,"d":"19"},{"v":85203.9,"d":"85204"},{"v":19.637700000000002,"d":"20"},{"v":88369.65,"d":"88370"},{"v":19.296,"d":"19"},86832,{"v":19.959300000000002,"d":"20"},{"v":89816.85,"d":"89817"},{"v":20.1,"d":"20"},90450,{"v":19.1754,"d":"19"},{"v":86289.3,"d":"86289"},{"v":20.502000000000002,"d":"21"},{"v":92259.00000000001,"d":"92259"},{"v":22.451700000000002,"d":"22"},{"v":101032.65,"d":"101033"}]
[null,null,"绿地整理","㎡",10000,{"v":8.0364,"d":"8"},80364,{"v":8.09975,"d":"8"},{"v":80997.5,"d":"80998"},{"v":8.5251,"d":"9"},85251,{"v":8.84185,"d":"9"},{"v":88418.50000000001,"d":"88419"},{"v":8.688,"d":"9"},86880,{"v":8.986650000000001,"d":"9"},{"v":89866.50000000001,"d":"89867"},{"v":9.05,"d":"9"},90500,{"v":8.633700000000001,"d":"9"},{"v":86337.00000000001,"d":"86337"},{"v":9.231000000000002,"d":"9"},{"v":92310.00000000001,"d":"92310"},{"v":10.10885,"d":"10"},{"v":101088.5,"d":"101089"}]
["总计",null,null,"元/10000m²",null,"/",{"v":803234.84112,"d":"803235"},"/",{"v":809566.6473000001,"d":"809567"},"/",{"v":852080.20308,"d":"852080"},"/",{"v":883739.23398,"d":"883739"},"/",{"v":868361.9904,"d":"868362"},"/",{"v":898211.9338199999,"d":"898212"},"/",{"v":904543.74,"d":"904544"},"/",{"v":862934.72796,"d":"862935"},"/",{"v":922634.6148000001,"d":"922635"},"/",{"v":1010375.3575800001,"d":"1010375"}]
["附注：","1.乔木配置情况如下："]
[null,"胸径5-10cm",null,null,"169棵",{"$nulls":5},"胸径11-15cm",null,null,"129棵"]
[null,"胸径25-30cm",null,null,"6棵",{"$nulls":5},"胸径31-40cm",null,null,"1棵"]
[null,"胸径40cm以上",null,null,"3棵"]
[null,"2.灌木配置情况如下："]
[null,"苗高×冠幅 100~120cm×100~120cm",{"$nulls":5},"307棵",null,null,"苗高×冠幅 100~120cm×130~150cm",{"$nulls":5},"103棵"]
[null,"苗高×冠幅 100~120cm×160~180cm",{"$nulls":5},"50棵",null,null,"苗高×冠幅 100~120cm×200~220cm",{"$nulls":5},"25棵"]
[null,"苗高×冠幅 140~160cm×140~160cm",{"$nulls":5},"131棵",null,null,"苗高×冠幅 160~180cm×180~200cm",{"$nulls":5},"48棵"]
[null,"苗高×冠幅 180~200cm×200~240cm",{"$nulls":5},"26棵"]
[null,"3.花卉及地被种植密度按25~36袋/㎡考虑；"]
[null,"4.绿化保养期按3个月考虑；"]
[null,"5.绿化给排水已综合考虑。绿化给水按人工取水浇灌考虑。"]